000 00697nam a22002297a 4500
001 000000004
003 OSt
005 20260601171014.0
008 260505b1971\\\\ie\a||||\||||\00|\0\eng\d
040 _aICI
_bspa
_cICI
041 _aspa
050 _aN6537.M67
_bA4
100 _aCompton, Michael
_eautor
_933558
245 1 _aRobert Morris
_cMichael Compton y Sylvester
300 _avolumen
_bIlustraciones
_cdimensiones
600 1 _aMorris, Robert
_d1931-2018
_933559
650 _aArte minimalista
_zEstados Unidos
_933560
650 _aEscultura
_zEstados Unidos
_933561
650 _aArte conceptual
_zEstados Unidos
_933562
700 _aSylvester, David
_eautor
_933563
942 _2lcc
_cB
_n1
999 _c20608
_d20608